Growth and trade. / (Record no. 896)
[ view plain ]
| 000 -LEADER | |
|---|---|
| fixed length control field | 01021nam a22001577a 4500 |
| 008 - FIXED-LENGTH DATA ELEMENTS--GENERAL INFORMATION | |
| fixed length control field | 120516t xxu||||| |||| 00| 0 eng d |
| 050 ## - LIBRARY OF CONGRESS CALL NUMBER | |
| Classification number | HF499.M33 |
| 100 ## - MAIN ENTRY--PERSONAL NAME | |
| Personal name | Maizels, Alfred |
| 245 ## - TITLE STATEMENT | |
| Title | Growth and trade. / |
| Statement of responsibility, etc. | Alfred Maizels |
| 260 ## - PUBLICATION, DISTRIBUTION, ETC. | |
| Place of publication, distribution, etc. | New York: |
| Name of publisher, distributor, etc. | Cambridge university press, |
| Date of publication, distribution, etc. | c1965. |
| 300 ## - PHYSICAL DESCRIPTION | |
| Extent | xiv, 308 p: |
| Other physical details | ill; |
| Dimensions | 22cm. |
| 500 ## - GENERAL NOTE | |
| General note | Includes index |
| 505 ## - FORMATTED CONTENTS NOTE | |
| Formatted contents note | Contents: Introduction and summary of findings -- Patterns of industrial growth and trade -- Industrial growth, productivity and real income -- Patterns of industrial growth -- Industrialization and the structure of foreign trade -- Trends relationships -- Trends in world trade in manufactures -- Industrialization and exports -- Industrialization and imports of manufactures -- Commodity and area patterns of trade in manufactures -- Effects of competition and import-substitution on exports from the main industrial countries -- Prospects and conclusions -- Past trends and future prospects -- Appendices. |
| 650 ## - SUBJECT ADDED ENTRY--TOPICAL TERM | |
| Topical term following geographic name entry element | Trade |
| 942 ## - ADDED ENTRY ELEMENTS (KOHA) | |
| Source of classification or shelving scheme | Library of Congress Classification |
| Koha item type | Books |
| Withdrawn status | Lost status | Source of classification or shelving scheme | Damaged status | Not for loan | Home library | Current library | Shelving location | Date acquired | Total Checkouts | Full call number | Barcode | Date last seen | Price effective from | Koha item type |
|---|---|---|---|---|---|---|---|---|---|---|---|---|---|---|
| Library of Congress Classification | WISCONSIN INTERNATIONAL UNIVERSITY COLLEGE, GHANA - MAIN LIBRARY | WISCONSIN INTERNATIONAL UNIVERSITY COLLEGE, GHANA - MAIN LIBRARY | General Stacks | 16/05/2012 | HF499.M33 | 2007/12 | 16/05/2012 | 16/05/2012 | Books |
